Seeing Everything New Insights on Education/ (Record no. 200034)
[ view plain ]
| 000 -LEADER | |
|---|---|
| fixed length control field | 00667nam a22001937a 4500 |
| 005 - DATE AND TIME OF LATEST TRANSACTION | |
| control field | 20240108153400.0 |
| 010 ## - LCCN (DPL NO) | |
| LC control number | ENG-138834 |
| 020 ## - INTERNATIONAL STANDARD BOOK NUMBER | |
| International Standard Book Number | 978-93-91399-33-7 |
| Terms of availability | 700.00 |
| 035 ## - SYSTEM CONTROL NUMBER | |
| System control number | EN-122366 |
| 037 ## - SOURCE OF ACQUISITION | |
| Source of stock number/acquisition | DBAD/PUB |
| 082 ## - DEWEY DECIMAL CLASSIFICATION NUMBER | |
| Classification number | 370.118 |
| 100 ## - MAIN ENTRY--PERSONAL NAME | |
| Personal name | SJ, Francis P. Xavier |
| 245 ## - TITLE STATEMENT | |
| Title | Seeing Everything New Insights on Education/ |
| Statement of responsibility, etc | Francis P. Xavier SJ |
| 260 ## - PUBLICATION, DISTRIBUTION, ETC. (IMPRINT) | |
| Place of publication, distribution, etc | Bengaluru |
| Name of publisher, distributor, etc | ATC Publishers |
| Date of publication, distribution, etc | 2022 |
| 270 ## - ADDRESS | |
| Address | St Mary's Block, Archdiocesan Pastoral Center No. 5, Nandi Durga Road, Benson Town, |
| City | Bengaluru |
| Telephone number | 7090100444 |
| Electronic mail address | info@atcpublishers.com |
| 300 ## - PHYSICAL DESCRIPTION | |
| Extent | 646p. |
| Dimensions | 21cm(pbk) |
| 700 ## - ADDED ENTRY--PERSONAL NAME | |
| 9 (RLIN) | 60332 |
| 942 ## - ADDED ENTRY ELEMENTS (KOHA) | |
| Source of classification or shelving scheme | Dewey Decimal Classification |
| Item type | English Books |
| Classification part | 370.118 |
| Call number suffix | SJF |
| Withdrawn status | Lost status | Not for loan | Collection code | Home library | Current library | Date acquired | Source of acquisition | Cost, normal purchase price | Full call number | Barcode | Copy number | Cost, replacement price | Koha item type |
|---|---|---|---|---|---|---|---|---|---|---|---|---|---|
| Non-fiction | Tri Nagar | Tri Nagar | 08/01/2024 | DBAD/PUB | 700.00 | 370.118 SJF | EN-122366 | 1 | 700.00 | English Books |
